CLOUDS - NF - Statistics

General Stats
  • This quiz has been taken 24 times
  • The average score is 7 of 11
Answer Stats
Songs Plays Artists % Correct
CLOUDS 190,040,290 NF
100%
CLOUDS - Edit 27,437,836 NF
100%
LOST 105,003,524 NF, Hopsin
76%
PRIDEFUL 41,249,730 NF
71%
DRIFTING 83,353,113 NF
65%
JUST LIKE YOU 158,348,407 NF
65%
LAYERS 49,688,759 NF
59%
PAID MY DUES 161,957,015 NF
59%
THAT'S A JOKE 74,015,633 NF
59%
STORY 50,658,064 NF
47%
TRUST 76,276,386 NF, Tech N9ne
47%
No matching quizzes found
Score Distribution
Percent of People with Each Score
Percentile by Number Answered
Your Score History
You have not taken this quiz